Multiple Choice - USA State Facts - Statistics

General Stats
  • This quiz has been taken 752 times
  • The average score is 8 of 20
Answer Stats
Question Answer % Correct
Which US State has the highest Population? California
74%
Which of these 4 States has no Ocean or Great Lake Coastline? West Virginia
74%
Which State borders 4 of the 5 Great Lakes? Michigan
70%
Which of these 4 States has a Capital that begins with the same Letter as the State? Delaware
66%
Which US State has the longest ' Ocean Coastline'? Alaska
65%
Which State is the birthplace of the most Presidents? Virginia
57%
Which State has the smallest Population at 2019? Wyoming
50%
Which of the 48 lower States has recorded the lowest temperature of -70f? Montana
47%
Which State has the highest summit of the United States at 20,310 ft (6190.5 m) Alaska
39%
At February 2019, how many US Presidents are still alive? 5
38%
Which State hosted the most 'Civil War' battles? Virginia
38%
A white/pink Diamond of over 40 carats (largest US) was found in which State in 1924? Arkansas
30%
Badwater Basin is the lowest area in North America at -279 ft (85m) in which State? California
27%
Both Henry Ford & William Boeing were born in this State? Michigan
26%
After English, what is the most commonly spoken language in Maine? French
23%
How many Presidents were born West of the Rocky Mountains? 2
20%
When it is 7:30 pm in New York, what time is it in Honolulu? 2:30 pm
20%
Which State during the last 12 years have enquired on 'Google' "How do you smoke Salmon" more than any other question? Alaska
19%
Which State's Capital is at the highest elevation 7,199 feet (2,194 m)? New Mexico
11%
Which two neighbouring States share the longest border at 715.4 miles? Oklahoma / Texas
5%
No matching quizzes found
Score Distribution
Percent of People with Each Score
Percentile by Number Answered
Your Score History
You have not taken this quiz